000 00539cam a2200169 i 4500
008 160122s2016 nyu 001 0 eng
020 _a9781631061844 (softbound)
050 0 0 _aTX801
_b.A67 2016
082 0 0 _a641.6/5
100 1 _aAnca, Chris,
245 1 0 _aNourishing noodles :
_bspiralize : nearly 100 plant-based recipes for zoodles, ribbons, and vegetable spirals /
_cChris Anca.
260 _aNew York
_bRace Point
_c2016
300 _axiii, 162 pages ;
500 _aIncludes index.
650 0 _aCooking (Vegetables)
942 _cBK
999 _c2347
_d2347